Špecifiká zahraničného obchodu Slovenskej republiky
Guardado en:
| Autor principal: | |
|---|---|
| Formato: | Libro |
| Lenguaje: | eslovaco |
| Publicado: |
Bratislava
Prognostický ústav SAV
2004
|
| Colección: | Pracovné materiály
č. 2 |
| Materias: | |
| Etiquetas: |
Sin Etiquetas, Sea el primero en etiquetar este registro!
|
MARC
| LEADER | 00000nam$a2200000$$$4500 | ||
|---|---|---|---|
| 001 | 0025878 | ||
| 005 | 20240223110440.1 | ||
| 022 | |a 0862-9137 | ||
| 041 | 0 | |a slo | |
| 044 | |a SK | ||
| 245 | 1 | 0 | |a Špecifiká zahraničného obchodu Slovenskej republiky |c Štefan Burda |
| 264 | 1 | |a Bratislava |b Prognostický ústav SAV |c 2004 | |
| 300 | |a 35 s. | ||
| 490 | 1 | |a Pracovné materiály |v č. 2 | |
| 830 | 0 | |a Pracovné materiály |v č. 2 | |
| 610 | 2 | 0 | |a obchod zahraničný |
| 610 | 2 | 0 | |a vývoz |
| 610 | 2 | 0 | |a dovoz |
| 610 | 2 | 0 | |a deficit |
| 610 | 2 | 0 | |a ceny |
| 610 | 2 | 0 | |a obchod medzinárodný |
| 610 | 2 | 0 | |a hospodárstvo národné |
| 610 | 2 | 0 | |a Slovensko |
| 100 | 1 | |a Burda, Štefan | |